书目信息 |
| 题名: |
清代常关与区域经济研究
|
|
| 作者: | 廖声丰 著 | |
| 分册: | ||
| 出版信息: | 北京 人民出版社 2010.09 |
|
| 页数: | 450页 | |
| 开本: | 23cm | |
| 丛书名: | 南昌航空大学学术文库 | |
| 单 册: | ||
| 中图分类: | F752.5 , F127 | |
| 科图分类: | ||
| 主题词: | 关税--研究--中国--清代 , 区域经济--研究--中国--清代 , 关税 , 区域经济 | |
| 电子资源: | ||
| ISBN: | 978-7-01-009289-8 | |
| 000 | 00985oam2 2200301 450 | |
| 001 | 010020007333 | |
| 005 | 20120619084126.96 | |
| 010 | @a978-7-01-009289-8@dCNY59.80 | |
| 100 | @a20101104d2010 em y0chiy0110 ea | |
| 101 | 0 | @achi |
| 102 | @aCN@b110000 | |
| 105 | @ak z 000yy | |
| 106 | @ar | |
| 200 | 1 | @a清代常关与区域经济研究@9qing dai chang guan yu qu yu jing ji yan jiu@f廖声丰著 |
| 210 | @a北京@c人民出版社@d2010.09 | |
| 215 | @a450页@d23cm | |
| 225 | 2 | @a南昌航空大学学术文库 |
| 330 | @a本书内容包括:绪论;清代常关的建立与发展;清代常关制度;常关与清前期区域经济格局;“一口通商”时期的常关与区域经济;近代常关的衰落与区域经济变化等。 | |
| 461 | 0 | @12001 @a南昌航空大学学术文库 |
| 606 | 0 | @a关税@x研究@y中国@z清代 |
| 606 | 0 | @a区域经济@x研究@y中国@z清代 |
| 606 | 0 | @a关税 |
| 606 | 0 | @a区域经济 |
| 690 | @aF752.5@v4 | |
| 690 | @aF127@v4 | |
| 701 | 0 | @a廖声丰@9liao sheng feng@4著 |
| 801 | 0 | @aCN@bRENTIAN@c20101104 |
| 905 | @b540350-54@dF752.5@e33@f5 | |
| 清代常关与区域经济研究/廖声丰著.-北京:人民出版社,2010.09 |
| 450页;23cm.-(南昌航空大学学术文库) |
| ISBN 978-7-01-009289-8:CNY59.80 |
| 本书内容包括:绪论;清代常关的建立与发展;清代常关制度;常关与清前期区域经济格局;“一口通商”时期的常关与区域经济;近代常关的衰落与区域经济变化等。 |
| ● |
| 相关链接 |
|
|
|
|
正题名:清代常关与区域经济研究
索取号:F752.5/33
 
预约/预借
| 序号 | 登录号 | 条形码 | 馆藏地/架位号 | 状态 | 备注 |
| 1 | 540350 | 205403507 | 第一样本阅览室/ [索取号:F752.5/33] | 在馆 | |
| 2 | 540351 | 205403516 | 第一借阅区/ [索取号:F752.5/33] | 在馆 | |
| 3 | 540352 | 205403525 | 第一借阅区/ [索取号:F752.5/33] | 在馆 | |
| 4 | 540353 | 205403534 | 第一借阅区/ [索取号:F752.5/33] | 在馆 | |
| 5 | 540354 | 205403543 | 第一借阅区/ [索取号:F752.5/33] | 在馆 |